Statistiques concernant Equipes contre lesquelles Fekir a marqué

Cliquez ici pour prendre le quiz!

Statistiques générales

  • Ce quiz a été pris 51 fois
  • Le résultat moyen est 51 sur 93

Statistiques - réponses

HintRéponse% Correct
2017/2018Marseille
91%
2018/19Marseille
91%
2016/17Nantes
91%
2014/15Nantes
91%
2016/17Nantes
91%
2014/15Nantes
91%
2017/2018Paris
89%
2018/19Paris
89%
2017/2018Monaco
84%
2018/19Monaco
84%
2017/2018Monaco
84%
2014/15Monaco
84%
2019/20Barcelone
82%
2019/20Barcelone
82%
2017/2018Bordeaux
82%
2014/15Bordeaux
82%
2014/15Bordeaux
82%
2017/2018Saint-Etienne
82%
2017/2018Saint-Etienne
82%
2018/19Saint-Etienne
82%
2015/16Rennes
80%
2014/15Lens
77%
2017/2018Metz
75%
2017/2018Metz
75%
2017/2018Strasbourg
75%
2017/2018Strasbourg
75%
2017/2018Strasbourg
75%
2018/19Toulouse
75%
2014/15Toulouse
75%
2018/19Toulouse
75%
2017/2018Toulouse
75%
2014/15Montpellier
70%
2014/15Montpellier
70%
2018/19Montpellier
70%
2016/17Montpellier
70%
2016/17Montpellier
70%
2016/17Montpellier
70%
2016/17Montpellier
70%
2017/2018Montpellier
70%
2014/15Montpellier
70%
2021/22Seville
70%
2017/2018Angers
66%
2016/17Angers
66%
2016/17Angers
66%
2016/17Dijon
64%
2017/2018Dijon
64%
2017/2018Dijon
64%
2015/16Caen
59%
2015/16Caen
59%
2018/19Caen
59%
2015/16Caen
59%
2017/2018Nancy
59%
2016/17Nancy
59%
2020/21Valence
59%
2014/15Lorient
57%
2014/15Lorient
57%
2013/14Bastia
52%
2017/2018Guingamp
52%
2014/15Guingamp
52%
2017/2018Guingamp
52%
2014/15Guingamp
52%
2018/19Guingamp
52%
2014/15Guingamp
52%
2018/19Manchester City
48%
2021/22Real Sociedad
45%
2017/2018Villarreal
45%
2020/21Villarreal
45%
2019/20Celta Vigo
32%
2020/21Celta Vigo
32%
2021/22Espanyol
32%
2021/22Elche
30%
2016/17Rome
25%
2019/20Eibar
23%
2020/21Levante
23%
2021/22Levante
23%
2021/22Levante
23%
2019/20Majorque
23%
2019/20Majorque
23%
2021/22Athletic Bilbao
18%
2021/22Valladolid
18%
2020/21Valladolid
18%
2018/19Hoffenheim
14%
2017/2018Everton
11%
2014/15Belgique
9%
2016/17Alkmaar
7%
2016/17Alkmaar
7%
2016/17Alkmaar
7%
2017/2018Irlande
7%
2019/20Leganes
7%
2018/19Shakhtar
7%
2021/22Francfort
5%
2017/2018Limassol
5%
2021/22Ferencvaros
2%

Distribution des résultats

Percentile par nombre de réponses

% des personnes avec chaque résultat

Votre développement - résultats

Vous n’avez pas pris ce quiz